NLSUI OPAC header image

Figurations of the feminine in the early French Women's Press, 1758-1848 / (Record no. 212755)

MARC details
000 -LEADER
fixed length control field 03352cam a22004937i 4500
001 - CONTROL NUMBER
control field 22399784
005 - DATE AND TIME OF LATEST TRANSACTION
control field 20240919131645.0
008 - FIXED-LENGTH DATA ELEMENTS--GENERAL INFORMATION
fixed length control field 220127t20192019enk b 001 0 eng d
010 ## - LIBRARY OF CONGRESS CONTROL NUMBER
LC control number 2020415548
015 ## - NATIONAL BIBLIOGRAPHY NUMBER
National bibliography number GBB951457
Source bnb
016 7# - NATIONAL BIBLIOGRAPHIC AGENCY CONTROL NUMBER
Record control number 019308425
Source Uk
020 ## - INTERNATIONAL STANDARD BOOK NUMBER
International Standard Book Number 9781786941886
020 ## - INTERNATIONAL STANDARD BOOK NUMBER
International Standard Book Number 1786941880
035 ## - SYSTEM CONTROL NUMBER
System control number (OCoLC)on1055438036
040 ## - CATALOGING SOURCE
Original cataloging agency YDX
Language of cataloging eng
Transcribing agency YDX
Description conventions rda
Modifying agency BDX
-- OCLCQ
-- UKMGB
-- OCLCO
-- OCLCF
-- LSD
-- NGU
-- WLU
-- STF
-- GUA
-- DLC
042 ## - AUTHENTICATION CODE
Authentication code lccopycat
043 ## - GEOGRAPHIC AREA CODE
Geographic area code e-fr---
100 1# - MAIN ENTRY--PERSONAL NAME
Personal name McIlvanney, Siobhán,
Relator term author.
245 10 - TITLE STATEMENT
Title Figurations of the feminine in the early French Women's Press, 1758-1848 /
Statement of responsibility, etc. Siobhán McIlvanney.
264 #1 - PRODUCTION, PUBLICATION, DISTRIBUTION, MANUFACTURE, AND COPYRIGHT NOTICE
Place of production, publication, distribution, manufacture Liverpool :
Name of producer, publisher, distributor, manufacturer Liverpool University Press,
Date of production, publication, distribution, manufacture, or copyright notice 2019.
264 #4 - PRODUCTION, PUBLICATION, DISTRIBUTION, MANUFACTURE, AND COPYRIGHT NOTICE
Date of production, publication, distribution, manufacture, or copyright notice ©2019
300 ## - PHYSICAL DESCRIPTION
Extent vii, 270 pages ;
Dimensions 24 cm.
336 ## - CONTENT TYPE
Content type term text
Content type code txt
Source rdacontent
337 ## - MEDIA TYPE
Media type term unmediated
Media type code n
Source rdamedia
338 ## - CARRIER TYPE
Carrier type term volume
Carrier type code nc
Source rdacarrier
490 1# - SERIES STATEMENT
Series statement Eighteenth-century worlds
504 ## - BIBLIOGRAPHY, ETC. NOTE
Bibliography, etc. note Includes bibliographical references (pages 247-260) and index.
505 00 - FORMATTED CONTENTS NOTE
Miscellaneous information Introduction.
Title General Trends ;
-- Figurations of the Feminine --
Miscellaneous information 1.
Title Women's Roles, Rights and Representations in France, 1758-1848.
-- The Changing Political Climate in France, 1758-1848 ;
-- Early Journalistic Perspectives on the Feminine --
Miscellaneous information 2.
Title Women Writers and Readers: The Beginnings of French Women's Journals and Le Journal des dames (1759-1778).
-- The Earliest Women's Journals ;
-- Le Journal des dames (1759-1778) ;
-- Women Writers and Readers ;
-- Promoting the Peripheral --
Miscellaneous information 3.
Title Educating the Female Consumer: Early Fashion Journals.
-- Education ;
-- Early Fashion Features ;
-- Le Cabinet des modes (1785-1793) ;
-- Le Journal des dames et des modes (1797-1839) ;
-- 'Des Modes' ;
-- 'Des Dames' --
Miscellaneous information 4.
Title A Woman's Place: Marriage and Homemaking in the Early Domestic Press.
-- Marriage and Motherhood ;
-- Le Courier de l'hymen ou journal les dames (1791) ;
-- Le Journal des femmes (1832-1837) ;
-- Le Conseiller des dames (1847-1892) --
Miscellaneous information 5.
Title Reforming the Feminine: Early Feminist Journals.
-- Employment ;
-- Les Étrennes nationales des dames (1789) ;
-- L'Athénée des dames (1808) ;
-- La Femme libre (1832-1834) ;
-- La Voix des femmes (1848) --
Miscellaneous information Conclusion.
520 ## - SUMMARY, ETC.
Summary, etc. The origins and early years of the French women's press represent a pivotal period in the history of French women's self-expression and their feminist and cultural consciousness. Through a range of insightful textual analyses, this book highlights the political significance of this critically neglected literary medium.
648 #7 - SUBJECT ADDED ENTRY--CHRONOLOGICAL TERM
Chronological term 1700-1899
Source of heading or term fast
650 #0 - SUBJECT ADDED ENTRY--TOPICAL TERM
Topical term or geographic name entry element Feminism
Geographic subdivision France
General subdivision History
Chronological subdivision 18th century.
650 #0 - SUBJECT ADDED ENTRY--TOPICAL TERM
Topical term or geographic name entry element Feminism
Geographic subdivision France
General subdivision History
Chronological subdivision 19th century.
650 #0 - SUBJECT ADDED ENTRY--TOPICAL TERM
Topical term or geographic name entry element Publishers and publishing
Geographic subdivision France
General subdivision History
Chronological subdivision 18th century.
650 #0 - SUBJECT ADDED ENTRY--TOPICAL TERM
Topical term or geographic name entry element Publishers and publishing
Geographic subdivision France
General subdivision History
Chronological subdivision 19th century.
650 #7 - SUBJECT ADDED ENTRY--TOPICAL TERM
Topical term or geographic name entry element Feminism.
Source of heading or term fast
Authority record control number or standard number (OCoLC)fst00922671
650 #7 - SUBJECT ADDED ENTRY--TOPICAL TERM
Topical term or geographic name entry element Publishers and publishing.
Source of heading or term fast
Authority record control number or standard number (OCoLC)fst01083463
651 #7 - SUBJECT ADDED ENTRY--GEOGRAPHIC NAME
Geographic name France.
Source of heading or term fast
Authority record control number or standard number (OCoLC)fst01204289
655 #7 - INDEX TERM--GENRE/FORM
Genre/form data or focus term History.
Source of term fast
Authority record control number or standard number (OCoLC)fst01411628
830 #0 - SERIES ADDED ENTRY--UNIFORM TITLE
Uniform title Eighteenth-century worlds.
856 ## - ELECTRONIC LOCATION AND ACCESS
Uniform Resource Identifier <a href="https://academic.oup.com/book/30930">https://academic.oup.com/book/30930</a>
Link text Click here to Access
906 ## - LOCAL DATA ELEMENT F, LDF (RLIN)
a 7
b cbc
c copycat
d 3
e ncip
f 20
g y-gencatlg
942 ## - ADDED ENTRY ELEMENTS (KOHA)
Source of classification or shelving scheme Dewey Decimal Classification
Koha item type Open Access Books - Publishers
Holdings
Withdrawn status Lost status Source of classification or shelving scheme Damaged status Not for loan Home library Current library Date acquired Total Checkouts Barcode Date last seen Price effective from Koha item type
    Dewey Decimal Classification     . . 19.09.2024   OABP165 19.09.2024 19.09.2024 Open Access Books - Publishers